[Event "Oregon Open U2000"]
[Site "Portland, OR"]
[Date "2024.08.31"]
[Round "2"]
[White "Bayrambeyli, Emel"]
[Black "Smolensky, Randall"]
[Result "1-0"]
[WhiteElo "1644"]
[BlackElo "1800"]
[Annotator "Emel Bayrambeyli"]
[PlyCount "35"]
[GameId "2093559931510795"]
[EventDate "2024.08.31"]
[EventType "swiss"]
[EventRounds "6"]
[EventCountry "USA"]

{[%evp 0,35,19,38,25,16,14,14,15,-37,16,-18,41,36,46,46,57,27,73,6,130,83,150,147,130,132,116,149,147,123,109,101,101,101,637,642,654,638] First of all, I would like to thank the tournament organizers, arbiters, and everyone who contributed to this amazing event. And of course, my heartfelt gratitude to my wonderful chess trainer Stanislav Ilin and my family, who support me in every way. Lastly, a big thank you to Green Chess Team for their support!} 1. e4 e5 2. Nf3 Nc6 3. Bc4 Nf6 4. Ng5 d5 5. exd5 Nd4 $6 {An unexpected move from my opponent, playing unusually. This move surprised me, and I had to spend time analyzing it} 6. c3 {I realized the knight on d4 was strong, so I decided to chase it away} b5 {My opponent knows the theory very well and continues with an aggressive move} 7. cxd4 bxc4 8. O-O Qxd5 9. Re1 {The open e-file creates a pin that's uncomfortable for Black. The Black king is vulnerable and feels pressured.} e4 10. Nxe4 {It's the right moment to exploit the pin on the e-file. Black's king is left exposed.} Nxe4 (10... Be7 11. Nxf6+ gxf6 {White would still have a better position because of black's bad pawn structure}) 11. Nc3 Qd7 12. Rxe4+ Be7 13. Qe2 {I'm putting pressure on the bishop on e7, preventing Black from castling. I'm focusing on the weakness of the e7 bishop.} Bb7 14. Re3 (14. d5 {A move that I also considered}) 14... Kf8 15. b3 cxb3 $2 {Black should have continued development with Re8. cxb3 ruins Black's defense. They don't have time to finish their development.} 16. axb3 a6 17. Rxe7 {A critical rook sacrifice, taking advantage of Black's undeveloped position.} Qxe7 18. Ba3 {- Emel Bayrambeyli (Green Chess Club)} 1-0

[Event "Oregon Open U2000"]
[Site "Portland, OR"]
[Date "2024.09.01"]
[Round "3"]
[White "Marx, Jaden"]
[Black "Gorman, Cody"]
[Result "0-1"]
[WhiteElo "1821"]
[BlackElo "1875"]
[Annotator "Cody Gorman"]
[PlyCount "76"]
[GameId "2102771844079659"]
[EventDate "2024.08.31"]
[EventType "swiss"]
[EventRounds "6"]
[EventCountry "USA"]

{[%evp 0,76,19,31,25,-16,-12,-25,-19,-7,3,13,8,4,0,-1,0,0,0,0,0,-52,4,-6,-19,-28,-10,0,5,1,8,-36,22,22,38,-140,-110,-110,-110,-132,-137,-142,-137,-103,-97,-106,-106,-114,-122,-109,-103,-104,-95,-98,-86,-108,-119,-390,-328,-321,-327,-548,-546,-700,-728,-742,-581,-654,-577,-738,-751,-765,-816,-873,-649,-746,-613,-672,-687]} 1. d4 Nf6 2. c4 e6 3. g3 d5 4. Nf3 Be7 5. Bg2 O-O 6. O-O dxc4 7. Qa4 {As someone who plays the Catalan, the move I would play is Ne5 whereas this allows Black to equalize nicely.} a6 8. Qxc4 b5 9. Qc2 Bb7 10. Nbd2 Nc6 $6 {Although I had this nice idea that the knight would simply move and attack the queen which would free up the c-pawn, there's no need for this maneuver when simply ...Nbd7 and ...Rc8 puts pressure on the queen. There's no need to chase the queen with ...Nc6 to b4 when White will have to move the queen off the c-file regardless.} 11. e3 (11. Ne4) 11... Nb4 12. Qb1 c5 13. a3 Nbd5 14. dxc5 Bxc5 15. b4 $2 (15. e4) 15... Ba7 (15... Bxe3 $1 {I saw this during the game, but it didn't feel as decisive. If White accepts the sac with} 16. fxe3 Nxe3 {we end up in a neat position where White's development and piece placement hurt. For instance} 17. Re1 Nxg2 18. Kxg2 Rc8 {and White's in a tough position. White's bishop is tied to defend the d2-knight and Black has full control of the c- and d-files.}) 16. Bb2 Nxe3 17. Bxf6 $2 (17. Ng5 $1 {keeps White in the game and just creates chaos with multiple hanging pieces. The computer suggests White comes out a little better after} Qxd2 18. Bxf6 Nf5 19. Bxb7 Rab8) 17... gxf6 18. fxe3 Bxe3+ 19. Kh1 Bxd2 20. Rd1 Bxf3 21. Bxf3 Ra7 22. Ra2 Rd7 23. Qb2 Bg5 24. Rxd7 Qxd7 25. h4 Qd3 26. Kg2 Be3 27. Qxf6 Rc8 28. Ra1 $2 {This loses the game by giving Black's rook entrance to the second rank.} Rc2+ 29. Kh3 Rf2 30. h5 h6 31. a4 Bg5 32. Rd1 Qxd1 33. Qxg5+ hxg5 34. Bxd1 Rd2 35. Bb3 Rb2 36. Bd1 Rxb4 37. axb5 axb5 38. Bc2 f5 0-1

[Event "Oregon Open U2000"]
[Site "Portland, OR"]
[Date "2024.09.02"]
[Round "5"]
[White "Natarajan, Neil"]
[Black "Gorman, Cody"]
[Result "0-1"]
[WhiteElo "1739"]
[BlackElo "1875"]
[Annotator "Cody Gorman"]
[PlyCount "80"]
[GameId "2102776870188058"]
[EventDate "2024.08.31"]
[EventType "swiss"]
[EventRounds "6"]
[EventCountry "USA"]

1. e4 Nf6 2. e5 Nd5 3. d4 d6 4. exd6 cxd6 5. Nf3 g6 6. Bc4 Nb6 7. Bd3 $6 {This equalizes the position and puts the bishop on an ineffective square. Either Bb3 or Be2 is better.} Bg7 8. b3 O-O 9. O-O Nc6 10. Bb2 Nb4 $2 {I thought going for the bishop pair was fine, but there's no need to attack the bishop and force it to retreat. ...Bg4 followed by ...e5 gives Black the edge in the opening.} 11. Be2 Bf5 12. Na3 {White could also just play c3 since if ...Nc2 is played, 13.g4 hurts.} Rc8 13. c3 N4d5 14. Qd2 e5 15. c4 Nf4 16. d5 $2 {This relieves any pressure in the center and gives Black a very comfortable position.} Nd7 17. g3 Nxe2+ 18. Qxe2 Nc5 19. Qd2 Bd3 {I should have just done ...Bh3 and then ...f5. White kingside is under stress.} 20. Rfd1 Qd7 21. Ne1 (21. b4 Be4 22. Ng5 f6 23. Nxe4 Nxe4) 21... Bf5 22. Nac2 h5 23. Ne3 Bh6 24. Qe2 Bh3 25. N3g2 f5 26. f3 Rce8 27. Nd3 Nxd3 28. Qxd3 Qd8 29. Qc3 Qb6+ 30. Kh1 $2 (30. c5 {is the only way to keep the position from getting worse, by forcing a trade of queens and playing with a pawn down.}) 30... Qf2 31. Rg1 Kh7 32. Nh4 Be3 33. Rad1 g5 34. Ng2 Bd4 35. Qc1 Bxb2 36. Qxg5 Qxf3 37. Rd2 Bd4 38. Rgd1 Bxg2+ 39. Rxg2 Qxd1+ 40. Rg1 Qxg1# 0-1

[Event "Oregon Open U1700"]
[Site "Portland, OR"]
[Date "2024.09.01"]
[Round "2"]
[White "Cheng, Selina"]
[Black "Sardar, Ekam"]
[Result "1-0"]
[WhiteElo "1644"]
[BlackElo "1292"]
[Annotator "Selina Cheng"]
[PlyCount "167"]
[GameId "508996536169"]
[EventDate "2024.08.31"]
[EventType "swiss"]
[EventRounds "6"]
[EventCountry "USA"]

{[%evp 0,167,28,15,15,22,22,8,13,32,11,11,25,25,98,98,92,92,92,92,99,92,98,83,94,54,52,52,50,45,50,39,42,42,129,62,62,47,62,62,54,55,56,60,60,60,60,47,39,23,12,-2,10,6,25,20,-2,0,-6,-24,239,221,352,190,199,196,196,131,293,285,337,368,396,430,473,86,100,102,105,106,106,106,106,112,112,112,106,106,68,68,68,40,106,0,0,0,0,0,69,92,160,165,166,188,189,204,317,342,411,434,442,457,454,552,552,680,808,833,833,833,833,618,670,1012,1016,1030,1453,28099,29967,29968,29969,29970,29975,29976,29977,29972,29973,1540,1543,1577,1686,2191,2221,28625,29981,29980,29981,29984,29985,29986,29989,29986,29987,28514,29987,29988,29989,29990,29991,29992,29995,29994,29995,29994,29995,29996,29997,29998,29999,29999]} 1. e4 e5 2. Nf3 Nc6 3. Bb5 {The Ruy Lopez, or the Spanish} Nf6 4. O-O Bc5 {I thought he'd go for main line 4. Nxe4, but apparently not!} 5. Nxe5 $140 {The idea of 5. d4 after 4... Nxe5} Nxe5 6. d4 Bxd4 {Black gets the pawn back} 7. Qxd4 Nc6 8. Bxc6 dxc6 9. Qxd8+ Kxd8 10. Nc3 Be6 11. Bg5 $140 {With the idea of e5} h6 12. Bxf6+ gxf6 {Doubling his pawns} 13. f4 {I want to go f5, and reduce the squares for his bishop} Ke7 14. f5 Bc4 15. Rfe1 Rad8 16. Rad1 b5 $2 (16... Rd6 17. b3 Ba6 18. Kf2 Rhd8 19. Kf3 b6 20. a4 Bb7 21. a5 c5 22. Rxd6) 17. b3 b4 18. Na4 Bb5 19. Nc5 Rxd1 $6 (19... Rd6) 20. Rxd1 Rd8 21. Rxd8 {I trade off all the rooks} Kxd8 22. Kf2 Ke7 23. g4 $6 (23. g3 Kd6 24. Nb7+ Ke7 25. h4 Ba6 26. Nc5 Bb5 27. Ke3 Bf1 28. Kd4 Be2) 23... Kd6 24. Nd3 $2 (24. Nb7+ Kd7) 24... c5 25. Ne1 Ke5 26. Ke3 a5 27. h4 c4 28. Nf3+ Kd6 29. g5 h5 $4 {This gives up a pawn} (29... fxg5 30. hxg5 hxg5 31. Nxg5 f6 32. Nf7+ Ke7 33. Nh6 c5 34. Ng8+ Kf7 35. Nh6+) 30. gxf6 a4 31. Ng5 Ke5 32. Nxf7+ Kxf6 33. Ng5 c5 $6 (33... Ke5 34. Nf3+) 34. Kf4 cxb3 35. e5+ Ke7 36. f6+ Ke8 37. axb3 $4 {I took with wrong one, cxb3 is better.} (37. cxb3 Bd7 38. e6 Bxe6 39. Nxe6 {An example of what might happen after 37. cxb3}) 37... a3 38. e6 a2 39. f7+ Ke7 40. Nh7 a1=Q 41. f8=Q+ Kxe6 42. Ng5+ Kd5 43. Qf5+ Kc6 44. Qe6+ Kb7 45. Qe7+ Kb6 46. Qd6+ Bc6 47. Qd8+ Kb7 48. Ne6 Qf1+ 49. Kg5 Qg2+ $4 {This is a huge blunder, as it allows my king to hide on h6. He should've played Qg1+, and there would lots of checks.} (49... Qg1+) 50. Kh6 {My king escapes to spot where there are no more checks} Qd5 $4 (50... Qf3 51. Nxc5+ Ka7 52. Qd4 Ka8 53. Ne6 Bb7 54. Qd8+ Ka7 55. Qa5+ Kb8 56. Qe5+) 51. Qxd5 {I trade queens} Bxd5 52. Nxc5+ {I take the pawn with check, and I have ideas of attacking the b4 pawn} Kc6 $6 (52... Kb6 53. Nd3 Bf3 54. Nxb4 Kb5 55. Nd3 Be2 56. Kg5 Bd1 57. c4+ Kc6 58. b4) 53. Nd3 Kb5 54. Kxh5 Be4 55. Kg5 Bh7 {He can't take the knight, because I will queen first, as shown below} (55... Bxd3 56. cxd3 Kc5 57. h5 Kd4 58. h6 Kc3 59. h7 Kxb3 60. h8=Q) 56. h5 Be4 57. h6 Bh7 58. Kf6 Be4 59. Kg7 Bf5 $6 (59... Kc6 60. Nxb4+ Kd6 61. h7 Ke5 62. h8=Q Kf4 63. Qh4+ Kf3 64. Qh5+ Kf2 65. Nd3+) 60. h7 Bxh7 61. Kxh7 Ka5 62. Kg6 Kb5 63. Kf5 Ka5 64. Ke5 $6 (64. Ke6 Ka6 65. Kd6 Kb5 66. Kc7 Ka6 67. Nxb4+ Kb5 68. Nd3 Ka6 69. c4 Ka7) 64... Kb5 $6 (64... Ka6) 65. Kd5 Ka5 66. Kc5 Ka6 67. Kxb4 Kb6 $4 (67... Ka7 68. Kb5 Kb7 69. c4 Kc7 70. c5 Kb7 71. c6+ Kc7 72. Kc5 Kb8 73. Kb6) 68. c4 Kc6 69. c5 {I simply push my pawns} Kb7 70. Kb5 Kc7 71. c6 Kb8 72. Kb6 Kc8 73. c7 Kd7 74. Kb7 Kd6 75. c8=Q Kd5 76. Kb6 Kd4 77. Qc4+ Ke3 78. Ne5 Kf2 79. Qd3 Kg2 80. Qf3+ Kg1 81. Qe2 Kh1 82. Ng4 (82. b4 {Another line leading to mate} Kg1 83. Nf3+ Kh1 84. Qh2#) 82... Kg1 83. b4 Kh1 84. Qf1# {I think I got off lucky he didn't play 49...Qg1+, and he instead played Qg2+, and I won.} 1-0

[Event "Oregon Open U1700"]
[Site "Portland, OR"]
[Date "2024.09.01"]
[Round "3"]
[White "Scarborough, Laurel"]
[Black "Nicoski, Aaron"]
[Result "1-0"]
[WhiteElo "1265"]
[BlackElo "1635"]
[Annotator "Aaron Nicoski"]
[PlyCount "39"]
[GameId "509057821738"]
[EventDate "2024.08.31"]
[EventType "swiss"]
[EventRounds "6"]
[EventCountry "USA"]

{[%evp 0,39,40,39,82,75,59,59,85,64,37,22,54,15,14,14,70,66,82,93,147,142,107,107,348,318,315,315,423,360,366,407,407,69,524,588,857,874,858,884,878,896] My opponent played very well this game and found the one and only move to seal the victory on move 12. The game was basically over from there.} 1. e4 c6 2. d4 d5 3. e5 c5 4. dxc5 e6 5. Be3 Nd7 6. Bb5 Qa5+ (6... Ne7 {is what I should have played} 7. Nf3 Nf5 8. Bd4 Qa5+ 9. Nc3 a6 10. Bxd7+ Bxd7 $15) 7. Nc3 Ne7 8. a3 Nf5 9. b4 Nxe3 10. fxe3 Qc7 11. Nf3 b6 $4 {Mistake. Be7 was best. I unknowingly opened the a8-h1 diagonal which led to this defeat. Almost any other move would have kept me in the game.} (11... Be7 12. e4 dxe4 13. Nxe4 O-O 14. Qd4 Rd8 15. O-O-O b6 16. c6 Nb8 17. Nd6) 12. Nxd5 $3 exd5 13. Qxd5 Bb7 $6 {Inaccuracy. Be7 was best.} (13... Be7 14. Qxa8 bxc5 15. Rd1 O-O 16. Qc6 Qxc6 17. Bxc6) 14. c6 Bxc6 15. Bxc6 O-O-O 16. Rd1 Be7 $4 {Blunder. Bxb4+ was best.} (16... Bxb4+ $1 17. axb4 Nb8 18. Bb7+ Qxb7 19. Qc4+ Qc6 20. Qg4+ Qe6 21. Rxd8+ Rxd8 22. Qxg7 $14) 17. Bxd7+ {Game Over 1-0 Any way I capture the Bishop ends in my demise.} Rxd7 (17... Qxd7 18. Qa8+ Kc7 19. Qxa7+ $18) 18. Qa8+ Qb8 19. Qxb8+ Kxb8 20. Rxd7 $18 1-0